| 000 | 00728nam a2200241 4500 | ||
|---|---|---|---|
| 001 | 53511 | ||
| 003 | ES-MaACL | ||
| 005 | 20230906162800.0 | ||
| 007 | t| | ||
| 008 | 031030s2010 sp |||| | spa d | ||
| 020 | _a978-84-937144-8-2 | ||
| 080 | _a821.134.2"19"(082.2) | ||
| 080 | _a211(0:82) | ||
| 245 | 0 | 0 |
_aII Certamen de Literatura Atea (2010) / _c[prólogo, Tierra de Fuego]. |
| 246 | 3 | _aCertamen de Literatura Atea (2010) | |
| 250 | _a1ª ed. | ||
| 260 |
_aLa Laguna (Tenerife) : _bBiblioteca Social La Colmena, _c2010. |
||
| 300 |
_a76 p. ; _c21cm. |
||
| 500 | _aÍndice. | ||
| 650 | 4 |
_aLiteratura española- _yS.XX. _9148763 |
|
| 650 | 4 |
_aAteísmo- _xEn la literatura. _9144097 |
|
| 852 |
_aES-MaACL _j2266-F-14 |
||
| 999 |
_c53511 _d53511 |
||